| 000 | 00747nam a2200217Ia 4500 | ||
|---|---|---|---|
| 003 | IN-BaIIA | ||
| 008 | 211028s9999 xx 000 0 eng d | ||
| 020 | _a1-56396-542-9 | ||
| 040 | _cIIA Library | ||
| 080 |
_a523.9-48(063) _bHIG |
||
| 245 | 0 |
_aHigh energy solar physics _cedited by Reuven Ramaty, Natalie Mandzhavidze and Xin-Min Hus |
|
| 260 |
_aNew York _bAmerican Institute of Physics _c1996 |
||
| 490 | _aAIP conference proceedings; v. 374 | ||
| 650 |
_aHigh energy particles _923257 |
||
| 650 |
_aSolar flares _94046 |
||
| 650 | _aSolar physics | ||
| 700 |
_aHus, Xin-Min, ed. _923258 |
||
| 700 |
_aMandzhavidze, Natalie, ed. _923259 |
||
| 700 |
_aRamaty, Reuven, ed. _912206 |
||
| 942 | _cBK | ||
| 999 |
_c13211 _d13211 |
||